| 000 | 00709nam a22002057a 4500 | ||
|---|---|---|---|
| 003 | OSt | ||
| 005 | 20251218133736.0 | ||
| 008 | 251218b |||||||| |||| 00| 0 eng d | ||
| 040 | _cDCL | ||
| 041 | _aEnglish | ||
| 082 | _a930.1 | ||
| 100 | 0 |
_a Myo (Arimaddana), _cKo |
|
| 245 | 1 | 4 |
_aThe earliest religious buildings discovered at the ancient city of Wadee, Myanmar / _cKo Myo (Arimaddana). |
| 260 |
_aYangon : _b Tun Foundation Bank Literary Committee, _c2017. |
||
| 300 |
_axii, 109 pages : _bPlates ; _c25 cm. |
||
| 650 |
_aExcavations (Archaeology) _zMyanmar |
||
| 650 |
_aPottery _zMyanmar _zWadee (Extinct city). |
||
| 651 |
_aWadee (Extinct city) _vReligion |
||
| 942 |
_2ddc _cSHORT TERM _n0 |
||
| 999 |
_c2751 _d2751 |
||